000 00490nam a2200181Ia 4500
005 20250508154835.0
008 008 250505s9999 xx 000 0 hin d
037 _aTextual
040 _aFEDL
_beng
_cFEDL
041 _ahin
_2hin
084 _aFH, BIR
_qFEDL
100 _aBirla Lakshminivas
_9766237
245 0 _aSultan aur nihalde
260 _aDelhi, India
_bNational Publishing House
_c1965
300 _a215p
942 _cTEXL
_hFH, BIR
999 _c1352422
_d1352422